Indian Economy : (Record no. 10601)

MARC details
000 -LEADER
fixed length control field 00481cam a2200193ua 4500
008 - FIXED-LENGTH DATA ELEMENTS--GENERAL INFORMATION
fixed length control field 191108n ii |||gr||||Z||||||eng
040 ## - CATALOGING SOURCE
Transcribing agency MAIN
041 ## - LANGUAGE CODE
-- eng
082 ## - DEWEY DECIMAL CLASSIFICATION NUMBER
Classification number 330.95
100 ## - MAIN ENTRY--PERSONAL NAME
Personal name P.K Dhar . ,
Relator term
245 ## - TITLE STATEMENT
Title Indian Economy :
Remainder of title its growing dimension /
Statement of responsibility, etc. By P.K Dhar .
250 ## - EDITION STATEMENT
Edition statement 16th ed.
260 ## - PUBLICATION, DISTRIBUTION, ETC.
Place of publication, distribution, etc. New Delhi:
Name of publisher, distributor, etc. Kalyani Publishers,
Date of publication, distribution, etc. 2008.
300 ## - PHYSICAL DESCRIPTION
Extent 1030p.
942 ## - ADDED ENTRY ELEMENTS (KOHA)
Koha item type Books
653 ## - INDEX TERM--UNCONTROLLED
Uncontrolled term Economics
653 ## - INDEX TERM--UNCONTROLLED
Uncontrolled term Indian Economy
Holdings
Withdrawn status Lost status Damaged status Not for loan Home library Current library Shelving location Date acquired Total Checkouts Full call number Barcode Date last seen Date last checked out Copy number Price effective from Koha item type
        Central Library, Naharkatiya College Central Library, Naharkatiya College General Stacks 19/09/2020 8 330.95Econimics | DHA 17741 17/01/2023 04/11/2022 1 19/09/2020 Books

Naharkatiya College © 2020. All rights reserved.

Powered By